000 00585nam a22002057a 4500
003 OSt
005 20140310181956.0
008 130727t xxu||||| |||| 00| 0 eng d
020 _a9715900844
050 _aP 87
_b.D339 1996
082 _aP 87
_b.D339 1996
245 _aPag-usapan natin :
_b ang media ang Pilipino atbp
_cdelas Llagas, Clothilde ESP
260 _aphilippines :
_b Paulines,
_c1996.
300 _a47 p.,
_c21 cm.
520 _a1. Media--Philippines 2. Journalism--Philippines
521 _a
541 _j1
562 _e1
942 _2lcc
_cBK-FIL
_kFIL
999 _c7942
_d7942